000
00313nam a2200121Ia 4500
008
190722s9999 xx 000 0 und d
020
_a
978-81-315-0236-5
100
_a
Lussier, Achua
245
0
_a
Effective Leadership
260
_a
New Delhi
_b
Cengage Learning (India) Pvt. Ltd.
_c
2007
300
_a
472
942
_c
BK
999
_c
151
_d
151